000 00292nam a22001217a 4500
040 _cHS
082 _a225
100 _aអ៊ិត សុត្ថា
245 _aផែនទីវិទ្យា
260 _aCambodia
_bអ៊ិត សុត្ថា
_c2011
300 _aNA
942 _cKB
999 _c9431
_d9431